Saltar ao contenido

Армированные каркасные композиты для строительства и реконструкции зданий и сооружений монография

В монографии приводятся результаты научных исследований композитов каркасной структуры, армированных дисперсной и стержневой неметаллической арматурой. Рассмотрены процессы структурообразования и технологии получения композитов. Проведена оптимизация матричных составов, каркасов и каркасных композит...

Descrición completa

Gardado en:
Detalles Bibliográficos
Formato: Книга
Темы:
Acceso en liña:https://www.studentlibrary.ru/book/ISBN9785432302366.html
Метки: Engadir etiqueta
Sen Etiquetas, Sexa o primeiro en etiquetar este rexistro!
LEADER 02977nam a2200445 4500
001 book/ISBN9785432302366
005 20250903142001.0
010 |a 978-5-4323-0236-6 
100 |a 20190419c2018 u y0rusy50 ca 
101 | |a rus 
102 |a RU 
105 |a ||||||||000yy 
200 1 |a Армированные каркасные композиты для строительства и реконструкции зданий и сооружений  |e монография  |f Ерофеев В.Т., Римшин В.И., Смирнов В.Ф., Харченко И.Я., Казначеев С.В., Леснов В.В., Салимов Р.Н., Завалишин Е.В., Спирин В.А., Богатов А.Д., Светлов Д.А., Дергунова А.В., Лазарев А.В., Родин А.И., Харченко А.И., Кустикова Ю.О., Курбатов В.Л. 
210 1 |a Москва  |c АСВ  |d 2018 
215 |a 508 c. 
330 |a В монографии приводятся результаты научных исследований композитов каркасной структуры, армированных дисперсной и стержневой неметаллической арматурой. Рассмотрены процессы структурообразования и технологии получения композитов. Проведена оптимизация матричных составов, каркасов и каркасных композитов по показателям прочности, деформативности, долговечности в условиях воздействия химических и биологических агрессивных сред. Предназначено для научных работников, инженеров, студентов и аспирантов строительных специальностей. 
610 0 |a Конструкции зданий и сооружений 
610 0 |a Техника и технологии строительства 
675 |a 693.554.22 
686 |a Н5  |2 rubbk 
701 1 |a Ерофеев  |b В.Т. 
701 1 |a Римшин  |b В.И. 
701 1 |a Смирнов  |b В.Ф. 
701 1 |a Харченко  |b И.Я. 
701 1 |a Казначеев  |b С.В. 
701 1 |a Леснов  |b В.В. 
701 1 |a Салимов  |b Р.Н. 
701 1 |a Завалишин  |b Е.В. 
701 1 |a Спирин  |b В.А. 
701 1 |a Богатов  |b А.Д. 
701 1 |a Светлов  |b Д.А. 
701 1 |a Дергунова  |b А.В. 
701 1 |a Лазарев  |b А.В. 
701 1 |a Родин  |b А.И. 
701 1 |a Харченко  |b А.И. 
701 1 |a Кустикова  |b Ю.О. 
701 1 |a Курбатов  |b В.Л. 
801 0 |a RU  |b Geotar  |c 20190419  |g RCR  |2 rusmarc 
801 1 |a RU  |b Geotar  |c 20190419 
856 4 |u https://www.studentlibrary.ru/book/ISBN9785432302366.html